| 000 | 00686nam a22002177a 4500 | ||
|---|---|---|---|
| 003 | DO-SdBNP | ||
| 005 | 20211124104054.0 | ||
| 008 | 211124b2020 ||||| |||| 00| 0 spa d | ||
| 020 | _a9789945806564 | ||
| 040 |
_aDO-SdBNP _bspa _cBNPHU |
||
| 082 |
_axxx _bP438m |
||
| 100 |
_aPérez, Jesús Manuel _919701 |
||
| 245 |
_aMil y una palabras sabias / _cJesús Manuel Pérez |
||
| 250 | _a3 era. ed. Rev. y amp. | ||
| 260 |
_aSanto Domingo : _bEdición de Jesús Manuel Pérez, _c2020 |
||
| 300 |
_a290 p.; _c24 cm |
||
| 490 | _aSerie de 7 Volúmenes "los cuadernos de Manuel un viaje de búsqueda interior | ||
| 590 | _aInventariado, 2021 / DG | ||
| 910 | _aD/G | ||
| 942 |
_2ddc _cLBS1 |
||
| 999 |
_c51032 _d51032 |
||